| 000 | 00526nam a22001697a 4500 | ||
|---|---|---|---|
| 005 | 20251108175033.0 | ||
| 008 | 250721s2008 xx 000 0 ara d | ||
| 082 | 1 | 4 | _aم/940/هوب |
| 100 | 1 | _aهوبزباوم, إريك | |
| 245 | 1 | 0 | _aعصر الثورة : (أوروبا 1789-1848) / |
| 264 | 1 |
_aبيروت : _bالمنظمة العربية للترجمة، _c2008. |
|
| 300 | _a639 ص. | ||
| 650 | 1 | 7 | _aتاريخ أوروبا |
| 700 | 1 |
_aالصياغ, فايز _eمترجم |
|
| 942 |
_2ddc _cREF |
||
| 999 |
_c124549 _d124549 |
||